000 00750nam a2200217 i 4500
001 71052
003 ES-MaACL
005 20250827075021.0
007 t|
008 040805s1911 sp ||||1| spa d
100 1 _aGasset, Rafael,
_d1866-1927
_955907
245 1 0 _aConferencia del Excmo. Sr. D. Rafael Gasset, Ministro de Fomento, 1º de diciembre de 1911.
260 _aMadrid :
_b[s.n.,
_c1911]
594 _aTít. de la conferencia: El ingeniero en el porvenir.
594 _aPrecede al tít.: Instituto de Ingenieros Civiles.
650 4 _aIngenieros.
_9172463
650 7 _aIngeniería
_2embne
_913767
710 2 _aInstituto de Ingenieros Civiles de España.
_94960
852 _aES-MaACL
_jT-1259-F-5
999 _c71052
_d71052